• 首页
  • 本馆介绍
  • 公告通知
  • 最新文献
  • 馆藏检索
  • 电子资源
  • 读者导购
  • 参考咨询
  • 我的图书馆
  • 登录
  • 详细信息显示
  • 放入我的书架
  • 预约/预借图书
  • 作者相关作品
  • 分类相关作品
  • 丛书相关作品
  • 出版社相关作品

书目信息

  • 表格格式
  • 工作单格式
  • 卡片格式
题名:
柏杨品秦隋
    
 
作者: 柏杨 著
分册:  
出版信息: 北京   中信出版社  2007
页数: 316页
开本: 25cm
丛书名:
单 册:
中图分类: K233.07
科图分类:
主题词: 秦代--历史--对比研究--隋代
电子资源:
ISBN: 978-7-5086-0814-3
000 00698nam0 2200217 450
001 1558043147
005 20150127110500.10
010    @a978-7-5086-0814-3@dCNY36.00
100    @a20060104d2007 em y0chiy50 ea
101 0  @achi
102    @aCN@b110000
105    @aa z 000yy
200 1  @a柏杨品秦隋@9bai yang pin qin sui@f柏杨著
210    @a北京@c中信出版社@d2007
215    @a316页@c图@d25cm
330    @a秦、隋是中国历史上最著名的两个短命王朝,本书将二者并列分析研究,内容包括:论秦隋、说秦隋、 瓶颈峡谷 寻找真相。
606 0  @a秦代@x历史@x对比研究@x隋代
690    @aK233.07@v5
701  0 @a柏杨@9bai yang@f(1920~2008)@4著
801  0 @aCN@bTSSF@c20150127
905    @aZUCC@dK233.07@eJY100
    
    柏杨品秦隋/柏杨著.-北京:中信出版社,2007
    316页:图;25cm
    
    
    ISBN 978-7-5086-0814-3:CNY36.00
    秦、隋是中国历史上最著名的两个短命王朝,本书将二者并列分析研究,内容包括:论秦隋、说秦隋、 瓶颈峡谷 寻找真相。
●
相关链接 在E读中查询图书 在五车中查询图书 在当当中查询图书 在豆瓣中查询图书


正题名:柏杨品秦隋     索取号:K233.07/JY100         预约/预借

序号 登录号 条形码 馆藏地/架位号 状态 备注
1 7851157   278511576   学院路分馆/ [索取号:K233.07/JY100] 在馆    
2 7851158   278511585   学院路分馆/ [索取号:K233.07/JY100] 在馆    
唐山师范学院图书馆 欢迎您!
大连网信软件有限公司© 版权所有